| 000 | 00000nam##2200000za#4500 |
| 001 | 9.634267 |
| 003 | CaOODSP |
| 005 | 20220505163028 |
| 007 | cr ||||||||||| |
| 008 | 150407|2007||||xxc|||||o f|0| 0 fre|d |
| 020 | |a978-0-662-09539-2 |
| 040 | |aCaOODSP|bfre |
| 043 | |an-cn--- |
| 086 | 1 |aHP60-1/2007F-PDF |
| 110 | 2 |aAgence de santé publique du Canada. |
| 245 | 13|aLa guerre aux germes : |h[ressource électronique]|bétiquette respiratoire et pratiques d'hygiène à l'intention des élèves de la 4e à la 6e année |
| 260 | |aWinnipeg - Manitoba : |bAgence de santé publique du Canada |cc2007. |
| 300 | |a43p.|bill. en couleur, graphiques, tableaux |
| 590 | |a12-27-Supp|b2012-06-12 |
| 691 | 07|aMicro-organisme|2gcpds |
| 691 | 07|aHygiène|2gcpds |
| 775 | 08|tGerms away : |w(CaOODSP)9.689890 |
| 856 | 40|ahttp://publications.gc.ca|qPDF|s10.76 Mo|uhttps://publications.gc.ca/collections/collection_2012/aspc-phac/HP60-1-2007-fra.pdf |